00667nam a2200241 a 4500001001300000003000900013005001700022008004100039020000800080082001500088100002700103245003400130260004100164300000900205500003500214505001500249650001100264700002700275902000800302942000700310952009300317999001500410nice12345678IN_TiNIC20260116011553.0050524s1911 newa grp 000 0 eng  ac000a956.1bCUR aCurtis, William Eleroy aTurkestanb the Heart of Asia aNew YorkbHodder and Stoughtonc1911 a344p aincludes index and biblioraphy2 aIll, Index aTurkey1 aCurtis, William Eleroy bSRS cBK 00104070aHMIbHMId2005-05-24g0.00l0o956.1 CURp1021r2005-05-24w2026-01-16yARB c2668d2668